Introduction to Risk Management and Insurance. (Record no. 4722)
[ view plain ]
| 005 - DATE AND TIME OF LATEST TRANSACTION | |
|---|---|
| control field | 20250624064557.0 |
| 020 ## - INTERNATIONAL STANDARD BOOK NUMBER | |
| International Standard Book Number | 978-93-325-4948-7 |
| 082 ## - DEWEY DECIMAL CLASSIFICATION NUMBER | |
| Classification number | 658.155 DOR |
| 100 ## - MAIN ENTRY--PERSONAL NAME | |
| Author name | DORFMAN, M. S. |
| 245 ## - TITLE STATEMENT | |
| Title | Introduction to Risk Management and Insurance. |
| 250 ## - EDITION STATEMENT | |
| Edition statement | 10th Ed, |
| 260 ## - PUBLICATION, DISTRIBUTION, ETC. | |
| Place of publication, distribution, etc. | New Delhi, |
| Name of publisher, distributor, etc. | Pearson Education limited, |
| Date of publication, distribution, etc. | 2015. |
| 300 ## - PHYSICAL DESCRIPTION | |
| Extent | xxxi, 459p.; ill, figure & table |
| Other physical details | Appendix, Glossary & Indix |
| Dimensions | 25cm |
| 700 ## - ADDED ENTRY--PERSONAL NAME | |
| Other authors/Editors | CATHER, D. A. |
| 942 ## - ADDED ENTRY ELEMENTS (KOHA) | |
| Source of classification or shelving scheme | Dewey Decimal Classification |
| Koha item type | Books |
No items available.
